[Event "2010 Gold Coast International Chess Tournament"]
[Site "Gold Coast Australia"]
[EventDate "2010.12.26"]
[Date "2010.12.28"]
[Round "6"]
[White "Muller, Jonas"]
[WhiteTitle "-"]
[WhiteElo "1957"]
[Black "Ikeda, Junta"]
[BlackTitle "FM"]
[BlackElo "2262"]
[Result "0-1"]
[Source "MonRoi"]

1. d4 d6 2. e4 g6 3. Nc3 Nd7 4. Nf3 a6 5. a4 e6 6. Be2 Bg7 7. O-O Ne7 8. Bf4 h6 9. h3 b6 10. Qd2 Bb7 11. Rfe1 g5 12. Bh2 Ng6 13. Rad1 Qe7 14. e5 d5 15. Bd3 c5 16. Ne2 c4 17. Bxg6 fxg6 18. b4 Nf8 19. c3 Nh7 20. Qc2 Qf7 21. Qd2 O-O-O 22. Rf1 Rdf8 23. Ra1 Qe8 24. Qc1 Kb8 25. Qd2 Qe7 26. Qc2 Qe8 27. Qd2 Bc8 28. Qc1 Bd7 29. a5 b5 30. Ne1 Qe7 31. Bg3 Be8 32. Qd2 h5 33. f4 h4 34. Bh2 Bh6 35. Nc2 gxf4 36. Bxf4 g5 37. Be3 Rfg8 38. Kh2 Bf8 39. Rg1 Bg6 40. Raf1 Be4 41. Ne1 Qg7 42. Nf3 Be7 43. Ne1 Qg6 44. Nf3 Rg7 45. Ne1 Rhg8 46. Qc1 g4 47. Nf4 Qf5 48. Qd2 Ng5 49. hxg4 Qxg4 50. Qe2 Qg3 51. Kh1 h3 52. Nh5 Qh4++  0-1

[Event "2010 Gold Coast International Chess Tournament"]
[Site "Gold Coast Australia"]
[EventDate "2010.12.26"]
[Date "2010.12.28"]
[Round "6"]
[White "Guo, Emma"]
[WhiteTitle "WFM"]
[WhiteElo "1965"]
[Black "Brown, Andrew"]
[BlackTitle "-"]
[BlackElo "2175"]
[Result "0-1"]
[Source "MonRoi"]

1. d4 Nf6 2. Nf3 g6 3. Bf4 Bg7 4. e3 O-O 5. c4 c5 6. Nc3 cxd4 7. exd4 d5 8. c5 Nc6 9. Be2 Bg4 10. O-O Ne4 11. Be5 Nxe5 12. Nxe5 Bxe2 13. Qxe2 Bxe5 14. dxe5 Nxc5 15. Rfd1 e6 16. b4 Nd7 17. Nb5 a6 18. Nd4 Rc8 19. a3 Rc4 20. f4 Qb6 21. Qd2 f6 22. Kh1 fxe5 23. fxe5 Nxe5 24. Qe3 Qd6 25. Re1 Rf6 26. Qg5 Nd7 27. Nf3 Qf4 28. Qxf4 Rcxf4 29. Rac1 e5 30. Rc7 Rf7 31. Kg1 b5 32. Rc6 e4 33. Ng5 R4f6 34. Rc8 Rf8 35. Rc7 Rd6 36. Rd1 Re8 37. Kf2 h6 38. Nh3 d4 39. Ke2 d3 40. Ke3 Nb6  0-1

[Event "2010 Gold Coast International Chess Tournament"]
[Site "Gold Coast Australia"]
[EventDate "2010.12.26"]
[Date "2010.12.28"]
[Round "6"]
[White "Nakauchi, Gene"]
[WhiteTitle "FM"]
[WhiteElo "2128"]
[Black "Stahnke, Alexander"]
[BlackTitle "-"]
[BlackElo "1922"]
[Result "1-0"]
[Source "MonRoi"]

1. d4 g6 2. c4 Bg7 3. Nf3 e6 4. Nc3 d6 5. e4 Ne7 6. Be3 Nd7 7. Qd2 h6 8. O-O-O b6 9. Be2 Bb7 10. g4 a6 11. d5 e5 12. h4 Nc8 13. Ne1 Qe7 14. Kb1 Na7 15. Nc2 O-O-O 16. h5 g5 17. f3 f6 18. Bf2 a5 19. Ne3 Nc5 20. Nf5 Qf7 21. a3 Kd7 22. b4 axb4 23. axb4 Na6 24. Qa2 Ra8 25. Qa4 Kd8 26. c5 Nb8 27. cxb6 Nc8 28. bxc7 Qxc7 29. Qb3 Bf8 30. Rc1 Na6 31. Na4 Qd7 32. b5 Nc7 33. Nb6 Nxb6 34. Bxb6 Rc8 35. Rxc7 Rxc7 36. Rc1 Rh7 37. Rxc7 Qxc7 38. Bxc7 Rxc7 39. b6 Rc8 40. Qb4 Rc5 41. Qa4 Rc8 42. Qa7  1-0

[Event "2010 Gold Coast International Chess Tournament"]
[Site "Gold Coast Australia"]
[EventDate "2010.12.26"]
[Date "2010.12.29"]
[Round "7"]
[White "Zhao, Yuan-Zong"]
[WhiteTitle "GM"]
[WhiteElo "2586"]
[Black "Ly, Moulthun"]
[BlackTitle "-"]
[BlackElo "2321"]
[Result "0-1"]
[Source "MonRoi"]

1. d4 Nf6 2. c4 g6 3. Nc3 Bg7 4. e4 O-O 5. f3 d6 6. Bg5 Nbd7 7. Qd2 a6 8. Nh3 c5 9. d5 b5 10. cxb5 Qa5 11. Nf2 Nb6 12. a4 axb5 13. Bxb5 Ba6 14. O-O Bxb5 15. axb5 Qxa1 16. Rxa1 Rxa1 17. Nfd1 Rfa8 18. Kf2 Nh5 19. g4 Bd4 20. Kg2 Nf6 21. Qe2 Na4 22. Bd2 Nd7 23. Nxa4 R1xa4 24. Kg3 Rb8 25. Bc3 Bxc3 26. Nxc3 -? 27. h4 h6 28. f4 g5 29. Qd2 gxf4 30. Qxf4 Kg7 31. h5 Ne5 32. g5 Rg8 33. Kh3 Rxb2 34. Nd1 Rxb5 35. Ne3 Rb3 36. Kh4 hxg5 37. Qxg5 Kf8  0-1

[Event "2010 Gold Coast International Chess Tournament"]
[Site "Gold Coast Australia"]
[EventDate "2010.12.26"]
[Date "2010.12.29"]
[Round "7"]
[White "Ikeda, Junta"]
[WhiteTitle "FM"]
[WhiteElo "2262"]
[Black "Brown, Andrew"]
[BlackTitle "-"]
[BlackElo "2175"]
[Result "1-0"]
[Source "MonRoi"]

1. g3 g6 2. Bg2 Bg7 3. c4 Nf6 4. Nc3 O-O 5. e3 e5 6. Nge2 Nc6 7. a3 d6 8. O-O Be6 9. Nd5 Na5 10. d3 c6 11. Nxf6 Qxf6 12. Rb1 c5 13. b4 cxb4 14. axb4 Nc6 15. b5 Nd8 16. Nc3 Qe7 17. Ba3 f5 18. Bb4 Nf7 19. Nd5 Bxd5 20. Bxd5 Kh8 21. f4 Nh6 22. Qf3 Rae8 23. Rbe1 b6 24. Kh1 Ng4 25. Bc6 Rd8 26. d4 exd4 27. exd4 Qf7 28. Qd3 Qf6 29. h3 Nh6 30. Bc3 g5 31. fxg5 Qxg5 32. Qf3 f4 33. gxf4 Qf6 34. Be4 Rc8 35. Bd3 Qh4 36. Re3 d5 37. Qxd5 Rxf4 38. Rxf4 Qxf4 39. Qe4 Qxe4 40. Rxe4 Nf5 41. Rf4 Nd6 42. Rh4 h6 43. d5 Bxc3 44. Rxh6 Kg7 45. Rxd6 Rc7 46. Rg6 Kf7 47. Rg3 Kf6 48. Rf3 Ke5 49. Kg2 Bd2 50. Kf2 Bf4 51. Ke1 Rg7 52. Kd1 Kd4 53. Kc2 Bg3 54. Kb3 Be5 55. Bc2 Rg3 56. Rxg3 Bxg3 57. Bf5 Ke5 58. Be6 Kd4 59. Bg4 Kd3 60. Bf3 Kd4 61. Bg2 Kd3 62. Bf1 Kd4 63. Kc2 Bh4 64. Kd2 Bg5 65. Kd1 Be7 66. Be2 Bh4 67. Bf1 Be7 68. Be2 Bh4 69. Kd2 Bg3 70. Bf1 Bf4 71. Ke2 Ke4 72. Bg2 Kf5 73. Kf3 Bg5 74. Bf1 Be7 75. Kg3 Bd6 76. Kh4 Be7 77. Kh5 Bd6 78. Bd3 Kf6 79. Kh6 Bf4 80. Kh7 Bg3 81. Kg8 Bd6 82. h4 Bf4 83. Kf8 Bh6 84. Ke8 Bf4 85. Be2 Bd6 86. Kd7 Bc5 87. Kc7 Ke7 88. h5 Bd6 89. Kc6 Bf4 90. Bd3 Bg5 91. Kb7 Kd6 92. Kxa7 Be3 93. Kb7 Kd7 94. Be4 Kd6 95. Bf3 Kd7 96. h6 Kd6 97. h7 Bd4 98. Bg4 Be5 99. Kxb6 Bd4 100. Ka6  1-0

[Event "2010 Gold Coast International Chess Tournament"]
[Site "Gold Coast Australia"]
[EventDate "2010.12.26"]
[Date "2010.12.29"]
[Round "7"]
[White "Xie, George"]
[WhiteTitle "IM"]
[WhiteElo "2478"]
[Black "Deen-Cowell, Nicholas"]
[BlackTitle "-"]
[BlackElo "1917"]
[Result "1-0"]
[Source "MonRoi"]

1. Nf3 c5 2. e4 d6 3. Bc4 Nf6 4. Qe2 e6 5. c3 Be7 6. Bb3 Nc6 7. O-O O-O 8. h3 Qc7 9. d4 cxd4 10. cxd4 d5 11. Nc3 dxe4 12. Nxe4 Nxe4 13. Qxe4 Bd7 14. Rd1 Na5 15. Bc2 f5 16. Qe2 Rac8 17. Bd3 Bf6 18. Be3 Nc6 19. Rac1 Rce8 20. Qd2 Qd6 21. Bf4 Qb4 22. Qxb4 Nxb4 23. Bc4 Nd5 24. Bxd5 exd5 25. Bd6 Be7 26. Bxe7 Rxe7 27. Rc7 Ba4 28. Rxe7 Bxd1 29. Ne5 Rd8 30. Rxb7 a6 31. Nc6 Rd6 32. Ne7 Kf8 33. Nxf5 Rg6 34. Rd7 Rg5 35. Rxd5 Bf3 36. Rd8 Kf7 37. Ne3 Ke7 38. Rc8 Be2 39. Rc5 Rg6 40. Nd5  1-0

[Event "2010 Gold Coast International Chess Tournament"]
[Site "Gold Coast Australia"]
[EventDate "2010.12.26"]
[Date "2010.12.29"]
[Round "7"]
[White "Weller, Tony"]
[WhiteTitle "-"]
[WhiteElo "1932"]
[Black "Morris, James"]
[BlackTitle "IM"]
[BlackElo "2240"]
[Result "0-1"]
[Source "MonRoi"]

1. d4 c5 2. e3 Nf6 3. Bd3 d5 4. c3 Nc6 5. Nd2 e5 6. dxe5 Nxe5 7. Bb5 Bd7 8. Bxd7 Qxd7 9. Ndf3 Ng6 10. Ne2 Bd6 11. O-O O-O 12. b3 b5 13. Bb2 c4 14. Ned4 Ne4 15. a4 b4 16. Nb5 Ne5 17. Nxd6 Qxd6 18. Nxe5 Qxe5 19. bxc4 dxc4 20. Qe2 bxc3 21. Ba3 Rfd8 22. Rfd1 Rd2 23. Qxc4 c2 24. Rf1 Qxa1 25. Rxa1 Rd1 26. Qf1 Rxa1 27. Qxa1 Rd8 28. Qd4 Rxd4 29. exd4 Nc3 30. Kf1 Na2 31. Ke2 c1Q 32. Bxc1 Nxc1 33. Kd2 Na2 34. Kd3 Kf8 35. Kc4 Ke7 36. Kb3 Nc1 37. Kc4 Kd6 38. Kb5 Nb3 39. Kc4 Na5 40. Kb5 Nc6 41. Ka6 Kd5 42. Kb7 f5  0-1

[Event "2010 Gold Coast International Chess Tournament"]
[Site "Gold Coast Australia"]
[EventDate "2010.12.26"]
[Date "2010.12.29"]
[Round "7"]
[White "Lekkas, Frank"]
[WhiteTitle "-"]
[WhiteElo "1914"]
[Black "Nakauchi, Gene"]
[BlackTitle "FM"]
[BlackElo "2128"]
[Result "0-1"]
[Source "MonRoi"]

1. d4 Nf6 2. c4 c5 3. d5 e6 4. Nc3 exd5 5. cxd5 d6 6. Nf3 g6 7. Nd2 Bg7 8. e4 O-O 9. Be2 a6 10. a4 Re8 11. O-O Nbd7 12. f4 Qc7 13. Re1 h6 14. Bf3 Rb8 15. a5 c4 16. Qa4 b5 17. axb6 Nxb6 18. Qa5 g5 19. Nf1 g4 20. Bd1 Qb7 21. Ng3 h5 22. Ba4 Nxa4 23. Qxa4 h4 24. Nh5 Bd7 25. Nxf6 Bxf6 26. Qxa6 Rb4 27. Kh1 Qc7 28. e5 Ra8 29. Qxa8 Rxa8 30. Rxa8 Kg7 31. e6 fxe6 32. dxe6 Bc6 33. e7 Qb7 34. e8N Kh7 35. Nf6 Bxf6 36. Rae8 Bxe8 37. Rxe8 Bxc3 38. bxc3 h3 39. Re2 Qd5 40. Bd2 Qd3  0-1

[Event "2010 Gold Coast International Chess Tournament"]
[Site "Gold Coast Australia"]
[EventDate "2010.12.26"]
[Date "2010.12.29"]
[Round "8"]
[White "Ly, Moulthun"]
[WhiteTitle "-"]
[WhiteElo "2321"]
[Black "Nakauchi, Gene"]
[BlackTitle "FM"]
[BlackElo "2128"]
[Result "1/2-1/2"]
[Source "MonRoi"]

1. e4 c5 2. Nc3 e6 3. Nf3 a6 4. d4 cxd4 5. Nxd4 b5 6. Bd3 Bb7 7. O-O d6 8. Qe2 Be7 9. f4 Nf6 10. Kh1 O-O 11. a3 Re8 12. Nf3 g6 13. e5 dxe5 14. fxe5 Nd5 15. Ne4 Nd7 16. Qf2 Qc7 17. Qg3 f5 18. exf6 Qxg3 19. f7 Kxf7 20. Nxg3 Kg8 21. Ne4 Nc5 22. Nxc5 Bxc5 23. Be4 Rab8 24. Bg5 Ne3 25. Bxe3 Bxe3 26. Bxb7 Rxb7 27. Rae1 Bh6 28. Re4 Bg7 29. c3 a5 30. g3 b4 31. axb4 axb4 32. cxb4 Bxb2 33. Rb1 Bg7 34. b5 Reb8 35. Reb4 Bf6 36. R4b3 Rd8 37. Ne1 Rd2 38. Nd3 Bd4 39. Ne1 Bg7 40. Rd3 Rxd3 41. Nxd3 Bd4 42. Kg2 e5 43. Kf3 Kf7 44. Ke4 Ke6 45. Ne1 Ra7 46. b6 Ra4 47. b7 Ba7 48. Kd3 e4 49. Kc3 Bb8 50. Nc2 Kd5 51. Rb4 Ra7 52. Ne3 Kc6 53. Nc4 Kc7 54. Kd4 Rxb7 55. Rxb7 Kxb7 56. Kd5 h5 57. Kxe4 h4 58. Ne5 hxg3 59. hxg3 Bd6 60. g4 Kc7 61. Kd5 g5 62. Ke6 Bc5 63. Nf7 Be3 64. Kf6 Kd7 65. Nxg5 Ke8 66. Kxg5  1/2-1/2

[Event "2010 Gold Coast International Chess Tournament"]
[Site "Gold Coast Australia"]
[EventDate "2010.12.26"]
[Date "2010.12.29"]
[Round "8"]
[White "Xie, George"]
[WhiteTitle "IM"]
[WhiteElo "2478"]
[Black "Ikeda, Junta"]
[BlackTitle "FM"]
[BlackElo "2262"]
[Result "1-0"]
[Source "MonRoi"]

1. e4 c5 2. c3 g6 3. Nf3 Bg7 4. d4 cxd4 5. Bc4 d3 6. O-O d2 7. Nbxd2 Nc6 8. Re1 d6 9. Nd4 e6 10. N2f3 a6 11. Nxc6 bxc6 12. Bf4 e5 13. Bxf7 Kxf7 14. Nxe5 Bxe5 15. Bxe5 Bg4 16. Qb3 Be6 17. Qb7 Ne7 18. Bxh8 Qxh8 19. e5 d5 20. Qb4 Qf8 21. Re3 Qb8 22. Qh4 Ke8 23. Qxh7 Kd7 24. b3 Qh8 25. Qxh8 Rxh8 26. Re2 a5 27. f4 c5 28. h3 Kc6 29. Rc1 a4 30. bxa4 Ra8 31. Rb2 Bf5 32. g4 Be4 33. Kf2 Rxa4 34. Kg3 Rc4 35. Re2 Ra4 36. Kh4 Bd3 37. Rf2 Kd7 38. Kg5 Ke6 39. Rb2 Ra6 40. h4 c4 41. Rh1 d4 42. cxd4 Kd5 43. Rb7 Nc6 44. Rd7 Ke4 45. Re1 Kf3 46. e6 Ra5 47. Re5 Nxe5 48. dxe5 Ra8 49. e7 Re8 50. f5 gxf5 51. gxf5 Rg8 52. Kf6 Rh8 53. Rd8  1-0

[Event "2010 Gold Coast International Chess Tournament"]
[Site "Gold Coast Australia"]
[EventDate "2010.12.26"]
[Date "2010.12.29"]
[Round "8"]
[White "Brown, Andrew"]
[WhiteTitle "-"]
[WhiteElo "2175"]
[Black "Morris, James"]
[BlackTitle "IM"]
[BlackElo "2240"]
[Result "0-1"]
[Source "MonRoi"]

1. d4 Nf6 2. c4 e6 3. Nf3 b6 4. Bg5 Bb7 5. e3 Bb4 6. Nbd2 O-O 7. Be2 h6 8. Bh4 c5 9. O-O cxd4 10. exd4 d5 11. Ne5 Bxd2 12. Qxd2 Ne4 13. Bxd8 Nxd2 14. Be7 Re8 15. cxd5 Rxe7 16. d6 Re8 17. Rfc1 Ne4 18. d7 Rd8 19. Rc7 Nd6 20. f4 f6 21. Nc4 Na6 22. Nxd6 Nxc7 23. Nxb7 Rxd7 24. Bf3 Nd5 25. f5 Rxb7 26. fxe6 Rd8  0-1

[Event "2010 Gold Coast International Chess Tournament"]
[Site "Gold Coast Australia"]
[EventDate "2010.12.26"]
[Date "2010.12.29"]
[Round "8"]
[White "Muller, Jonas"]
[WhiteTitle "-"]
[WhiteElo "1957"]
[Black "Zhao, Yuan-Zong"]
[BlackTitle "GM"]
[BlackElo "2586"]
[Result "0-1"]
[Source "MonRoi"]

1. e4 e5 2. Nf3 Nc6 3. Bb5 a6 4. Ba4 Nf6 5. O-O Be7 6. Re1 b5 7. Bb3 O-O 8. d4 d6 9. c3 Bg4 10. Be3 exd4 11. cxd4 Na5 12. Bc2 Nc4 13. Bc1 c5 14. b3 Nb6 15. Nbd2 cxd4 16. Bb2 Rc8 17. Bxd4 Nfd7 18. Rc1 Bf6 19. Bxf6 Qxf6 20. Bd3 Nc5 21. Bb1 Rfe8 22. Nf1 Nbd7 23. Qd4 Bxf3 24. Qxf6 Nxf6 25. gxf3 g6 26. Ne3 Ne6 27. Red1 Nh5 28. Nd5 Kg7 29. Bd3 Nhf4 30. Nxf4 Nxf4 31. Bf1 Rc5 32. b4 Rxc1 33. Rxc1 d5 34. Rc6 Re6 35. exd5 Nxd5 36. Rc5 Nxb4 37. a3 Nc6 38. a4 bxa4 39. Rc4 a5 40. Rxa4 Re5 41. f4 Rc5 42. Kg2 Kf6 43. Kf3 Ke7 44. Bc4 Nd4 45. Ke3 Ne6 46. Bf1 Nc7 47. Kf3 Nd5 48. Kg3 Nc3 49. Ra3 Ne4 50. Kg2 Rc2 51. Rxa5 Rxf2 52. Kg1 Rxf4  0-1

[Event "2010 Gold Coast International Chess Tournament"]
[Site "Gold Coast Australia"]
[EventDate "2010.12.26"]
[Date "2010.12.29"]
[Round "8"]
[White "Yu, Sally"]
[WhiteTitle "-"]
[WhiteElo "1889"]
[Black "Thomas, Brian"]
[BlackTitle "-"]
[BlackElo "1834"]
[Result "1-0"]
[Source "MonRoi"]

1. e4 e6 2. d4 d5 3. Nc3 Nf6 4. e5 Nfd7 5. f4 c5 6. Nf3 Nc6 7. Be3 cxd4 8. Nxd4 a6 9. Qd2 Bb4 10. a3 Be7 11. Be2 Nxd4 12. Bxd4 b5 13. O-O O-O 14. Rf3 f6 15. exf6 Nxf6 16. Bd3 Bd7 17. Raf1 Rc8 18. Kh1 g6 19. Nd1 Bd6 20. Nf2 Qe7 21. Nh3 Nh5 22. Ng5 Rce8 23. Rh3 Rxf4 24. Rxh5 Rxf1 25. Bxf1 gxh5 26. Bd3 e5 27. Bxh7 Kg7 28. Bf2 Bc6 29. Bh4 Rf8 30. Bd3 Rf4 31. g3 Rxh4 32. gxh4 Qf6 33. Qg2 Kh6 34. Nf7 Qxf7  1-0

[Event "2010 Gold Coast International Chess Tournament"]
[Site "Gold Coast Australia"]
[EventDate "2010.12.26"]
[Date "2010.12.29"]
[Round "8"]
[White "Addamo, Michael"]
[WhiteTitle "-"]
[WhiteElo "1860"]
[Black "Guo, Emma"]
[BlackTitle "WFM"]
[BlackElo "1965"]
[Result "0-1"]
[Source "MonRoi"]

1. d4 Nf6 2. c4 c5 3. d5 b5 4. cxb5 a6 5. bxa6 g6 6. Nc3 Bxa6 7. e4 Bxf1 8. Kxf1 d6 9. g3 Bg7 10. Kg2 O-O 11. Nf3 Na6 12. Re1 Nd7 13. Qe2 Qb6 14. Nd2 Nb4 15. Nc4 Qb7 16. Bf4 Nb6 17. Nxb6 Qxb6 18. a3 Na6 19. Reb1 Nc7 20. e5 Qb7 21. exd6 Nxd5 22. Nxd5 Qxd5 23. Qf3 e6 24. a4 Qd4 25. Rd1 Qxb2 26. Rab1 Qa2 27. Be3 Bd4 28. Bxd4 cxd4 29. Ra1 Qc4 30. Qe4 Rxa4 31. Rxa4 Qxa4 32. Qxd4 Qc6 33. Kg1 Rd8 34. Qe5 Qf3 35. Qd4 h5 36. h4 e5 37. Qd2 e4 38. Qd5 Qe2 39. Qb3 e3 40. fxe3 Qf3 41. Kh2 Qf2 42. Kh3 Rc8 43. d7 Qf5 44. Kg2 Rc2 45. Qxc2 Qxc2+  0-1

[Event "2010 Gold Coast International Chess Tournament"]
[Site "Gold Coast Australia"]
[EventDate "2010.12.26"]
[Date "2010.12.29"]
[Round "9"]
[White "Morris, James"]
[WhiteTitle "IM"]
[WhiteElo "2240"]
[Black "Ly, Moulthun"]
[BlackTitle "-"]
[BlackElo "2321"]
[Result "1/2-1/2"]
[Source "MonRoi"]

1. d4 Nf6 2. c4 g6 3. Nf3 Bg7 4. g3# d5 5. cxd5 Nxd5 6. Bg2 O-O 7. O-O Nb6 8. Nc3 Nc6 9. d5 Na5 10. e4 c6 11. Nd4 cxd5 12. exd5 Nac4 13. b3 Nd6 14. Bf4 Nf5 15. Nxf5 Bxf5 16. Rc1 Qd7 17. Ne4 Bxe4 18. Bxe4 Rac8 19. Qd2 Rxc1 20. Rxc1 Rc8 21. Rd1 Rd8 22. d6 e5 23. Bg5 Re8 24. Be3 Bf8 25. Qa5 Nc8 26. Qc7 Rd8 27. Qxb7 Qxb7 28. Bxb7 Nxd6 29. Bd5 Rd7 30. Bf3 Rc7 31. Rd5 Nf5 32. Bg5 Be7 33. Bxe7 Rxe7 34. Ra5 Kg7 35. Bd5 Nd4 36. Kg2 f5 37. Bc4 e4 38. Rd5 Nc2 39. Rd6 Na3 40. h4 Nxc4 41. bxc4 Rc7 42. Ra6 Rxc4 43. Rxa7 Kh6 44. a4 Rc2 45. Kf1 Kh5 46. Rxh7 Kg4 47. Rb7 Ra2 48. Rb4 Kf3 49. Rb3 Kg4 50. Rb4  1/2-1/2

[Event "2010 Gold Coast International Chess Tournament"]
[Site "Gold Coast Australia"]
[EventDate "2010.12.26"]
[Date "2010.12.29"]
[Round "9"]
[White "Lekkas, Frank"]
[WhiteTitle "-"]
[WhiteElo "1914"]
[Black "Brown, Andrew"]
[BlackTitle "-"]
[BlackElo "2175"]
[Result "0-1"]
[Source "MonRoi"]

1. e4 c5 2. Nf3 Nc6 3. d4 cxd4 4. Nxd4 Nf6 5. Nc3 e5 6. Ndb5 d6 7. Bg5 a6 8. Na3 b5 9. Bxf6 gxf6 10. Nd5 f5 11. Bxb5 axb5 12. Nxb5 Be7 13. Nbc7 Kf8 14. Nxa8 Qa5 15. Qd2 Qxa8 16. Qh6 Kg8 17. O-O Be6 18. f4 fxe4 19. Nxe7 Nxe7 20. Qf6 Qa7 21. Kh1 exf4 22. Rxf4 d5 23. Raf1 h5 24. Qg5 Kf8 25. Rf6 Ke8 26. Rxe6 fxe6 27. Qg7 Rg8 28. Qf7 Kd7 29. c4 Qxa2 30. cxd5 exd5 31. Qf2 Rb8 32. Qg3 Qxb2 33. Qh3 Kd6 34. Qg3 Qe5 35. Qa3 Kd7 36. Qa4 Nc6 37. Rc1 Rb6 38. Qa3 e3 39. Qf8 e2 40. Qf7 Ne7 41. Qf2 d4 42. Re1 Rf6 43. Qxf6 Qb5  0-1